000 00266nam a22001217a 4500
008 180607b xxu||||| |||| 00| 0 eng d
041 _aeng
080 _a043.3
100 _a0
101 _aSHJ-BA
245 _aKriminaliteti Kompjuterik
_cPeci, A
942 _2udc
_cBK
999 _c46599
_d46599